000
00231nam a2200097Ia 4500
008
230915s9999 xx 000 0 und d
050
_a
TX 911.3 .M 67 2006
100
_a
MORGAN,JAMES L.
245
0
_a
CULINARY CREATION
942
_c
BK
999
_c
206136
_d
206136